LEADER 01118cam0-22003371i-450- 001 990005688060403321 005 20111017115749.0 035 $a000568806 035 $aFED01000568806 035 $a(Aleph)000568806FED01 035 $a000568806 100 $a19990604g19181919km-y0itay50------ba 101 0 $afre 102 $aFR 105 $ayf------001yy 200 1 $aMémoires de l'Ambassadeur Gerard$fJames W. Gerard 210 $aParis$cPayot$d1918-1919 215 $a2 v., tav.$d23 cm 225 1 $aCollection de mémoires, études et documents pour servir à l?histoire de la guerre mondiale 327 0 $a2.: Face a face avec le Kaiserisme 610 0 $aGuerra mondiale 1914-1918$aGermania$aDiari e memorie 610 0 $aStati Uniti d'America e Germania$aRelazioni diplomatiche$a1914-1918$aDiari e memorie 676 $a940.3$v21$zita 700 1$aGerard,$bJames W.$0218491 801 0$aIT$bUNINA$gRICA$2UNIMARC 901 $aBK 912 $a990005688060403321 952 $a940.3 GER 1 (2)$b9441$fFLFBC 959 $aFLFBC 996 $aMémoires de l'Ambassadeur Gerard$9602007 997 $aUNINA LEADER 01276nam0-22004451i-450- 001 990005522250203316 005 20050613120000.0 035 $a000552225 035 $aUSA01000552225 035 $a(ALEPH)000552225USA01 035 $a000552225 100 $a20050613d1974-------|0itac50------ba 101 $aita 102 $aIT 105 $a|||| ||||| 200 1 $aMalthus$fJ.-M. Poursin, G. Dupuy$gprefazione di Giorgio Nebbia 210 $aRoma$aBari$cLaterza$d1974 215 $aXXIII, 169 p.$d18 cm 225 2$aUniversale Laterza$v291. 300 $aTrad. G. Nebbia Menozzi 410 1$12001$aUniversale Laterza$v291. 606 $aMalthus, Thomas Robert$2SO 620 $dRoma 620 $dBari 676 $a330.1$cSistemi e teorie$v21 700 1$aPOURSIN,$bJean Marie$0124940 701 1$aDUPUY,$bGabriel$0123988 702 1$aNEBBIA MENOZZI,$bGabriella 712 $aLaterza 801 $aIT$bSOL$c20120104 912 $a990005522250203316 950 $aDIP.TO SCIENZE ECONOMICHE - (SA)$dDS 300 330.1 pou$e403 DISES 951 $a300 330.1 pou$b403 DISES 959 $aBK 969 $aDISES 979 $c20121027$lUSA01$h1532 979 $c20121027$lUSA01$h1613 996 $aMalthus$932804 997 $aUNISA NUM $aUSA13744